You feel so mortal : essays on the body /

Bibliographic Details
Main Author: Shinner, Peggy (Author)
Corporate Author: ebrary, Inc
Format: eBook
Language:English
Published: Chicago, Illinois ; London, England : University of Chicago Press, 2014.
Subjects:
Online Access:Connect to the full text of this electronic book

MARC

Tag First Indicator Second Indicator Subfields
LEADER 00000cam a2200000 i 4500
001 in00003465813
006 m o d
007 cr cn|||||||||
008 140324t20142014ilu o 000 0 eng d
005 20250816203344.4
020 |z 9780226105277 
020 |a 9780226127804 (e-book) 
035 |a (CaPaEBR)ebr10845385 
035 |a (OCoLC)872114557 
040 |a CaPaEBR  |b eng  |e rda  |e pn  |c CaPaEBR  |d UtOrBLW 
050 1 4 |a GT495  |b .S54 2014eb 
082 0 4 |a 814/.6  |2 23 
100 1 |a Shinner, Peggy,  |e author. 
245 1 0 |a You feel so mortal :  |b essays on the body /  |c Peggy Shinner. 
264 1 |a Chicago, Illinois ;  |a London, England :  |b University of Chicago Press,  |c 2014. 
264 4 |c ©2014 
300 |a 1 online resource (210 pages) 
336 |a text  |b txt  |2 rdacontent 
337 |a computer  |b c  |2 rdamedia 
338 |a online resource  |b cr  |2 rdacarrier 
588 |a Description based on print version record. 
650 0 |a Human body. 
650 0 |a Body image. 
650 0 |a Human body  |v Folklore. 
650 0 |a Human body  |x Mythology. 
655 7 |a Electronic books.  |2 local 
710 2 |a ebrary, Inc. 
776 0 8 |i Print version:  |a Shinner, Peggy.  |t You feel so mortal : essays on the body.  |d Chicago, Illinois ; London, England : University of Chicago Press, c2014   |h 199 pages   |z 9780226105277   |w 2013031722 
856 4 1 |u https://ebookcentral.proquest.com/lib/tamucs/detail.action?docID=3038543  |y Connect to the full text of this electronic book  |t 0 
999 f f |s 2351e4c6-14fe-38b4-a012-2b640a0c7070  |i 3c9e94a1-737a-3639-bb55-579c38a210d9  |t 0 
999 |a MARS 
952 f f |a Texas A&M University  |b College Station  |c Electronic Resources  |d Available Online  |t 0  |e GT495 .S54 2014eb  |h Library of Congress classification 
998 f f |a GT495 .S54 2014eb  |t 0  |l Available Online